000
00297nam a22001217a 4500
008
160430b xxu||||| |||| 00| 0 eng d
020
_a
9781133609988
020
_a
1133609988
041
_a
eng
080
_a
612.39
245
_a
Nutrition concepts controversies:
_c
Alana D. Cline;
942
_2
udc
_c
BK
999
_c
1713
_d
1713